000 00734aam a2200277 i 4500
001 768714001
003 CO-MdFUSB
005 20250429164657.0
007 ta
008 250429t1921 ag |||| |||| 00| 0 spa d
040 _cCO-MdFUSB
041 0 _aspa
082 0 4 _223
_a239
_bR876e
100 1 _aRow, C. A. (Charles Adolphus) (1816-1896)
_eautor
245 1 0 _aEvidencias cristianas
_c/ C. A. Row
264 1 _bLa Reforma,
_aBuenos Aires, Argentina :
_c[1921]
264 4 _c©1921
300 _a167 páginas
336 _atexto
_btxt
_2rdacontent
337 _2rdamedia
_asin mediación
_bn
338 _2rdacarrier
_avolumen
_bnc
563 _aPasta dura
650 7 _aApologética
_9187
942 _cBK
945 _aJTF-925
999 _c35275
_d35275